000
00260nam a2200121Ia 4500
008
190216s9999||||xx |||||||||||||| ||und||
100
_a
Doomkethu
245
0
_a
Hindi-Nayika Devi
260
_b
Navarang
_c
2009
300
_a
170
650
_a
Hindi
942
_c
BK
999
_c
16674
_d
16674